| 000 | 03014nam a22004937a 4500 | ||
|---|---|---|---|
| 001 | BRCA_9175 | ||
| 003 | FranzMayer | ||
| 005 | 20220809131913.0 | ||
| 008 | 190228s2018 mx a b f000 0 spa | ||
| 010 | _a 2019387502 | ||
| 020 | _a9786076055601 | ||
| 040 |
_aDLC _bspa _erda _cDLC |
||
| 041 | _aspa | ||
| 050 | 0 | 0 |
_aND699.K3 _bK352 2018 |
| 245 | 0 | 0 |
_aKandinsky : _bpequeños mundos. |
| 246 | 3 | 0 | _aPequeños mundos |
| 250 | _aPrimera edición. | ||
| 264 | 1 |
_aCiudad de México : _bInstituto Nacional de Bellas Artes, _c2018. |
|
| 264 | 4 | _c©2018 | |
| 300 |
_a290 páginas : _bilustraciones a color y b/n, imágenes fotográficas ; _c25 cm |
||
| 336 |
_atext _btxt _2rdacontent |
||
| 337 |
_bn _2rdamedia |
||
| 338 | _2rdacarrier | ||
| 500 | _aUbicación: L59-N5 | ||
| 500 | _aPublicado con motivo de la exposición celebrada en el Museo del Palacio de Bellas Artes, [31 de octubre de 2018-21 de enero de 2019]. | ||
| 504 | _aIncluye referencias bibliográficas e índice | ||
| 505 | 0 |
_tImpresiones, improvisaciones, composiciones / _rNatalia Avtonomova |
|
| 505 | 0 |
_tKandinsky. Pintura abstracta, transgresión de límites / _rJorge Juanes |
|
| 505 | 0 |
_tKandinsky y el arte popular ruso. Su viaje iniciatico por Vologda / _rSilvia Burini |
|
| 505 | 0 |
_tEl cosmos de color de Kandinsky. Tecnología artística de los años 1896 a 1914 / _rIris Winkelmeyer |
|
| 505 | 0 |
_t"Cambiar instrumentos". La abstracción musical en la labor docente de Kandinsky en la Bauhaus / _rNancy Perloff |
|
| 505 | 0 |
_tLos años en París, 1934-1944 / _rVivian Endicott Barnett |
|
| 505 | 0 |
_tEl apocalipsis y la antigua Rusia: Kandinsky y Rachmaninoff / _rPeter Vergo |
|
| 520 | _aLa primera exposición individual en México de uno de los máximos exponentes del abstraccionismo, el artista ruso Vasili Kandinsky. La exposición indaga en la evolución de uno de los artistas más emblemáticos del siglo XX que acabaría siendo apodado “Padre de la Abstracción”, descubre sus controvertidos planteamientos plásticos que hoy siguen generando debates sobre la naturaleza del arte. La exposición incluyó aproximaciones musicales al arte cinestésico de Kandinsky con algunos compositores contemporáneos del artista, como Wagner, Rachmaninoff y Schöenberg. Incluye obras de las colecciones de The State Tretyakov Gallery, The Pushkin State Museum of Fine Arts, Centre Georges Pompidou de París, The Solomon R. Guggenheim, Metropolitan Museum of Art de Nueva York y Los Angeles County Museum of Art, entre otros. | ||
| 600 | 1 | 0 |
_aKandinsky, Wassily, _d1866-1944 _xCrítica e interpretación _928370 |
| 600 | 1 | 0 |
_aKandinsky, Wassily, _d1866-1944 _vExhibiciones _928371 |
| 650 | 0 |
_aPintura, Abstracta. _928372 |
|
| 650 | 0 |
_aArte Ruso _ySiglo XX _928373 |
|
| 650 | 0 |
_aPintores _zRusia (Federación) _ySiglo XX _vBiografía. _928374 |
|
| 700 | 1 | 2 |
_aKandinsky, Wassily, _d1866-1944. _928375 |
| 710 | 2 |
_aMuseo del Palacio de Bellas Artes (Mexico), _928376 |
|
| 942 |
_2lcc _cB |
||
| 999 |
_c10794 _d10794 |
||